[Event "St Veit op 42nd"]
[Site "St Veit"]
[Date "2023.07.13"]
[Round "7"]
[White "Schwab, Rene"]
[Black "Praxmarer, Christian"]
[Result "1-0"]
[WhiteElo "2156"]
[BlackElo "1974"]
[PlyCount "69"]
[EventDate "2023.07.08"]
[EventType "swiss"]
[EventRounds "9"]
[EventCountry "AUT"]
[SourceTitle "CBM 215 Extra"]
[Source "ChessBase"]
[SourceDate "2023.09.30"]
[SourceVersion "1"]
[SourceVersionDate "2023.09.30"]
[SourceQuality "1"]

1. e4 c6 2. d4 d5 3. Nd2 dxe4 4. Nxe4 Nf6 5. Nxf6+ exf6 6. c3 Bd6 7. Bd3 0-0 8. Ne2 Qc7 9. Qc2 g6 10. Be3 Be6 11. c4 Re8 12. 0-0-0 Qa5 13. a3 b5 14. c5 Bf8 15. h4 Bg4 16. h5 Qa4 17. Qxa4 bxa4 18. hxg6 fxg6 19. Rde1 f5 20. Nc3 Bg7 21. f3 Bh5 22. Bf2 Nd7 23. Rxe8+ Rxe8 24. Bxf5 Nf6 25. Be4 Nxe4 26. Nxe4 Rf8 27. Be3 Rd8 28. Nd6 Rf8 29. Rh3 Rb8 30. Kc2 Rb3 31. Bg1 Kf8 32. Nc4 Ke7 33. Nd2 Rb8 34. g4 Bh6 35. Ne4 1-0

[Event "St Veit op 42nd"]
[Site "St Veit"]
[Date "2023.07.10"]
[Round "4"]
[White "Klausner, Felix"]
[Black "Schwab, Rene"]
[Result "0-1"]
[WhiteElo "1897"]
[BlackElo "2156"]
[PlyCount "36"]
[EventDate "2023.07.08"]
[EventType "swiss"]
[EventRounds "9"]
[EventCountry "AUT"]
[SourceTitle "CBM 215 Extra"]
[Source "ChessBase"]
[SourceDate "2023.09.30"]
[SourceVersion "1"]
[SourceVersionDate "2023.09.30"]
[SourceQuality "1"]

1. e4 a6 2. d4 c6 3. Nf3 d5 4. Nc3 Bg4 5. h3 dxe4 6. Nxe4 Bxf3 7. Qxf3 Qxd4 8. Be3 Qxb2 9. Bc4 Qb4+ 10. Nd2 e6 11. Rb1 Qe7 12. 0-0 Nf6 13. Rfd1 b5 14. Bd3 Nd5 15. Bd4 Qh4 16. Be5 Nd7 17. Bg3 Qf6 18. Qe2 Nc3 0-1

[Event "AUT-chT2O 1920"]
[Site "Austria"]
[Date "2020.02.29"]
[Round "8.4"]
[White "Neumeier, Klaus"]
[Black "Schwab, Rene"]
[Result "1-0"]
[WhiteElo "2273"]
[BlackElo "2148"]
[PlyCount "81"]
[EventDate "2019.10.19"]
[EventType "team-tourn"]
[EventRounds "11"]
[EventCountry "AUT"]
[SourceTitle "CBM 195 Extra"]
[Source "ChessBase"]
[SourceDate "2020.05.31"]
[SourceVersion "1"]
[SourceVersionDate "2020.05.31"]
[SourceQuality "1"]
[WhiteTeam "Pressbaum"]
[BlackTeam "Donaustadt"]
[WhiteTeamCountry "AUT"]
[BlackTeamCountry "AUT"]

1. c4 c6 2. g3 d5 3. Nf3 Bg4 4. Bg2 e6 5. cxd5 exd5 6. 0-0 Be7 7. d3 Nd7 8. Nc3 Ngf6 9. h3 Bxf3 10. Bxf3 0-0 11. e4 Ne5 12. Be2 Ng6 13. f4 dxe4 14. dxe4 Bc5+ 15. Kg2 Bd4 16. Bf3 Bxc3 17. bxc3 Qa5 18. Qc2 Rad8 19. Be3 h5 20. Rad1 h4 21. g4 Qc7 22. e5 Rxd1 23. Rxd1 Nd5 24. Bxd5 cxd5 25. Rxd5 Qc6 26. Qe4 Ne7 27. Rd4 Qxc3 28. Rc4 Qa3 29. Rc2 Rd8 30. Bf2 Nc6 31. e6 fxe6 32. Qxe6+ Kh8 33. Qe3 Qd6 34. Bxh4 Rf8 35. Bg3 Qd5+ 36. Kh2 Nd4 37. Rf2 a6 38. f5 b5 39. Be5 Ne6 40. Rd2 Qc4 41. Qh6+ 1-0

[Event "AUT-chT2O 1920"]
[Site "Austria"]
[Date "2020.01.19"]
[Round "7.6"]
[White "Schwab, Rene"]
[Black "Jirovec, Alfred"]
[Result "1/2-1/2"]
[WhiteElo "2148"]
[BlackElo "2006"]
[PlyCount "79"]
[EventDate "2019.10.19"]
[EventType "team-tourn"]
[EventRounds "11"]
[EventCountry "AUT"]
[SourceTitle "CBM 195 Extra"]
[Source "ChessBase"]
[SourceDate "2020.05.31"]
[SourceVersion "1"]
[SourceVersionDate "2020.05.31"]
[SourceQuality "1"]
[WhiteTeam "Donaustadt"]
[BlackTeam "Wiener Amateur CC"]
[WhiteTeamCountry "AUT"]
[BlackTeamCountry "AUT"]

1. e4 e6 2. d4 d5 3. exd5 exd5 4. Bf4 Nf6 5. Bd3 Be7 6. c3 a6 7. Nd2 Nc6 8. h3 Bd6 9. Qf3 Bxf4 10. Qxf4 Be6 11. Ne2 Qe7 12. Nb3 0-0 13. 0-0 b6 14. Ng3 Qd7 15. Rfe1 Ne7 16. Qf3 Rfc8 17. Nd2 c5 18. Qf4 Re8 19. Nf3 Qc8 20. Re2 Qb8 21. Qg5 Ng6 22. Bxg6 hxg6 23. Rae1 Qd6 24. Ne5 cxd4 25. cxd4 Rac8 26. Qf4 Rcd8 27. Qh4 Bc8 28. Qf4 a5 29. Rc1 Bb7 30. Rec2 Re7 31. Qg5 Rde8 32. Nf3 Ne4 33. Qg4 Nxg3 34. fxg3 Re4 35. Qg5 Qb4 36. Kh2 Qb5 37. Rc7 Ba6 38. R7c2 Re2 39. Rxe2 Rxe2 40. Ne5 1/2-1/2

[Event "AUT-chT2O 1920"]
[Site "Austria"]
[Date "2019.10.20"]
[Round "2.5"]
[White "Schwab, Rene"]
[Black "Wagner, Leopold Franziskus"]
[Result "0-1"]
[WhiteElo "2148"]
[BlackElo "2098"]
[PlyCount "190"]
[EventDate "2019.10.19"]
[EventType "team-tourn"]
[EventRounds "11"]
[EventCountry "AUT"]
[SourceTitle "CBM 192 Extra"]
[Source "Chessbase"]
[SourceDate "2019.11.06"]
[SourceVersion "1"]
[SourceVersionDate "2019.11.06"]
[SourceQuality "1"]
[WhiteTeam "Donaustadt"]
[BlackTeam "Hietzing"]
[WhiteTeamCountry "AUT"]
[BlackTeamCountry "AUT"]

1. e4 c5 2. Nf3 Nc6 3. Bb5 e6 4. 0-0 Nge7 5. Re1 Qc7 6. b3 a6 7. Bf1 d6 8. c3 g6 9. d4 e5 10. dxc5 dxc5 11. Be3 b6 12. Bc4 Bg7 13. Qc1 0-0 14. Bh6 Nd8 15. Bg5 Be6 16. Bf1 f6 17. Be3 Nf7 18. Nbd2 g5 19. Bc4 Bxc4 20. Nxc4 b5 21. Ncd2 Ng6 22. Nf1 Nf4 23. Qa3 Nd3 24. Red1 c4 25. Ng3 Rfd8 26. bxc4 bxc4 27. Nd2 Bf8 28. Qa4 Nb2 29. Qc2 Nxd1 30. Rxd1 Rd3 31. Re1 Nd6 32. Nf3 Rb8 33. Bxg5 Rxf3 34. gxf3 fxg5 35. Qd2 Nf7 36. Nf5 Rd8 37. Qc2 Bc5 38. Rb1 Nd6 39. Nh6+ Kg7 40. Ng4 Nb5 41. Qc1 Qe7 42. a4 Nd6 43. Ne3 Bxe3 44. Qxe3 Nf7 45. Rb6 Rd6 46. a5 h6 47. Kg2 Qc7 48. Rxd6 Qxd6 49. Qa7 Kg6 50. Qa8 Nd8 51. Qc8 Ne6 52. Qxc4 Nf4+ 53. Kg3 Qe6 54. Qf1 h5 55. h3 h4+ 56. Kh2 Kf6 57. c4 Ke7 58. c5 Kd7 59. Qd1+ Kc7 60. Kg1 Nxh3+ 61. Kg2 Nf4+ 62. Kg1 Qc6 63. Qc2 Ne6 64. Qc4 Nxc5 65. Qf7+ Nd7 66. Qg8 Qf6 67. Qc4+ Kd8 68. Qb3 Ke7 69. Kg2 Kf8 70. Qb4+ Kg7 71. Qd2 Nf8 72. Qc3 Ne6 73. Kg1 Nd4 74. Kg2 Qxf3+ 75. Qxf3 Nxf3 76. Kxf3 Kg6 77. Kg4 Kh6 78. Kf3 Kh5 79. Kg2 g4 80. f3 Kg5 81. fxg4 Kxg4 82. Kh2 Kf4 83. Kh3 Kxe4 84. Kxh4 Kd3 85. Kg3 e4 86. Kf2 Kd2 87. Kf1 e3 88. Kg2 e2 89. Kf3 e1Q 90. Kf4 Qe6 91. Kf3 Qf5+ 92. Kg3 Ke3 93. Kh4 Qg6 94. Kh3 Kf3 95. Kh4 Qg4# 0-1

[Event "AUT-chT2O 1819"]
[Site "Austria"]
[Date "2019.03.30"]
[Round "10.4"]
[White "Schwab, Rene"]
[Black "Gasa, Andrej"]
[Result "1/2-1/2"]
[WhiteElo "2140"]
[BlackElo "2282"]
[PlyCount "99"]
[EventDate "2018.10.06"]
[EventType "team-tourn"]
[EventRounds "11"]
[EventCountry "AUT"]
[SourceTitle "CBM 189 Extra"]
[Source "ChessBase"]
[SourceDate "2019.06.03"]
[SourceVersion "1"]
[SourceVersionDate "2019.06.03"]
[SourceQuality "1"]
[WhiteTeam "Donaustadt"]
[BlackTeam "Mistelbach/Altlichtenwarth"]
[WhiteTeamCountry "AUT"]
[BlackTeamCountry "AUT"]

1. e4 c5 2. Nf3 d6 3. Bb5+ Nd7 4. 0-0 e6 5. c3 Ngf6 6. Re1 a6 7. Ba4 c4 8. Bxd7+ Nxd7 9. a4 Nc5 10. b4 Nd3 11. Re3 Bd7 12. Ne1 Nxe1 13. Qxe1 Be7 14. d4 e5 15. dxe5 dxe5 16. Nd2 Qc7 17. Nf1 0-0 18. Re2 Rfd8 19. Be3 a5 20. bxa5 Rxa5 21. Rb2 b5 22. axb5 Rxb5 23. Rxb5 Bxb5 24. Ra7 Qd6 25. f3 Bf8 26. Ra5 Rb8 27. Qd2 f6 28. Qxd6 Bxd6 29. Nd2 Rb7 30. Kf2 Kf7 31. Ke2 Ke6 32. Ra7 Rxa7 33. Bxa7 g6 34. Nf1 f5 35. exf5+ gxf5 36. g4 f4 37. Nd2 Kd5 38. Ne4 Be7 39. Bf2 Be8 40. Bb6 Bg6 41. Nf2 Ba3 42. Bc7 Bc1 43. h4 Bb2 44. h5 Bb1 45. Kd2 Ba3 46. g5 Bf5 47. Bd8 Bf8 48. Bf6 Ke6 49. Bd8 Kd6 50. Bf6 1/2-1/2

[Event "AUT-chT2O 1819"]
[Site "Austria"]
[Date "2018.10.07"]
[Round "2.4"]
[White "Schwab, Rene"]
[Black "Bachofner, Andreas"]
[Result "1/2-1/2"]
[WhiteElo "2140"]
[BlackElo "2184"]
[PlyCount "120"]
[EventDate "2018.10.06"]
[EventType "team-tourn"]
[EventRounds "11"]
[EventCountry "AUT"]
[SourceTitle "CBM 186 Extra"]
[Source "ChessBase"]
[SourceDate "2018.08.24"]
[SourceVersion "1"]
[SourceVersionDate "2018.08.24"]
[SourceQuality "1"]
[WhiteTeam "Donaustadt"]
[BlackTeam "Nickelsdorf Blackburne"]
[WhiteTeamCountry "AUT"]
[BlackTeamCountry "AUT"]

1. e4 e6 2. d4 d5 3. exd5 exd5 4. Bf4 Nf6 5. Bd3 Bd6 6. Qf3 Qe7+ 7. Kf1 Nc6 8. c3 Bg4 9. Bxd6 Qxd6 10. Qg3 0-0-0 11. Qxd6 Rxd6 12. f3 Bh5 13. Nd2 Bg6 14. Bxg6 hxg6 15. Nh3 Re8 16. Kf2 Rde6 17. Rhe1 Rxe1 18. Rxe1 Rxe1 19. Kxe1 Kd7 20. Nb3 b6 21. Nc1 Nh7 22. Nd3 f6 23. Nhf4 Ne7 24. Kf2 g5 25. Nh5 g6 26. Ng3 Kd6 27. Nf1 c5 28. dxc5+ bxc5 29. b4 cxb4 30. cxb4 Nc6 31. Nd2 Nf8 32. Nb3 Ne6 33. g3 Ne5 34. Ke2 Nc4 35. h3 Na3 36. f4 gxf4 37. gxf4 Nb5 38. Ke3 d4+ 39. Kf3 Kd5 40. Nd2 Nc3 41. a3 f5 42. h4 Ne4 43. Nf1 Kc4 44. Ne5+ Kc3 45. Nxg6 d3 46. Ne7 Nd4+ 47. Kg2 Nf6 48. Nc8 Nh5 49. Nxa7 Nxf4+ 50. Kf2 d2 51. Nxd2 Kxd2 52. b5 Nd3+ 53. Kf1 f4 54. b6 Nc5 55. h5 Nf5 56. h6 Nxh6 57. Kf2 Ng4+ 58. Kf3 Ne5+ 59. Kxf4 Nc4 60. Nc8 Nxa3 1/2-1/2

[Event "St Veit op 37th"]
[Site "St Veit"]
[Date "2018.07.08"]
[Round "2"]
[White "Schwab, Rene"]
[Black "Schneider Zinner, Harald"]
[Result "0-1"]
[WhiteElo "2145"]
[BlackElo "2413"]
[PlyCount "88"]
[EventDate "2018.07.07"]
[EventType "swiss"]
[EventRounds "9"]
[EventCountry "AUT"]
[SourceTitle "EXT 2019"]
[Source "ChessBase"]
[SourceDate "2018.10.10"]
[SourceVersion "1"]
[SourceVersionDate "2018.10.10"]
[SourceQuality "1"]

1. d4 Nf6 2. c4 c5 3. dxc5 e6 4. e3 Bxc5 5. Be2 0-0 6. Nh3 d5 7. Nf4 Nc6 8. 0-0 a6 9. cxd5 Nxd5 10. Nxd5 exd5 11. Nd2 Ba7 12. Nb3 Qd6 13. Bd2 Be6 14. Bc3 Rad8 15. Nd4 Bb8 16. g3 Bh3 17. Re1 Rfe8 18. Nxc6 bxc6 19. Bxa6 c5 20. Qh5 Qxa6 21. Qxh3 Qg6 22. Rad1 h5 23. Re2 d4 24. Red2 Ba7 25. Ba5 Rd6 26. Bc7 Rde6 27. Bf4 c4 28. Qf1 dxe3 29. Bxe3 Rxe3 30. fxe3 Bxe3+ 31. Kg2 Bxd2 32. Rxd2 Qe6 33. Qf3 g6 34. Qb7 h4 35. h3 Qe3 36. Rf2 Qxg3+ 37. Kf1 Qxh3+ 38. Qg2 Qd3+ 39. Kg1 Re1+ 40. Kh2 Qd6+ 41. Kh3 Re3+ 42. Rf3 Rxf3+ 43. Qxf3 Qd3 44. Kg4 f5+ 0-1

[Event "St Veit op 36th"]
[Site "St Veit"]
[Date "2017.07.09"]
[Round "3"]
[White "Halvax, Georg"]
[Black "Schwab, Rene"]
[Result "1-0"]
[WhiteElo "2421"]
[BlackElo "2182"]
[PlyCount "75"]
[EventDate "2017.07.08"]
[EventType "swiss"]
[EventRounds "9"]
[EventCountry "AUT"]
[SourceTitle "EXT 2018"]
[Source "ChessBase"]
[SourceDate "2017.10.13"]
[SourceVersion "1"]
[SourceVersionDate "2017.10.13"]
[SourceQuality "1"]

1. Nf3 c6 2. g3 g6 3. Bg2 Bg7 4. 0-0 d5 5. d3 Nd7 6. e4 dxe4 7. dxe4 Qb6 8. c3 Ne5 9. Nxe5 Bxe5 10. Qc2 h5 11. Be3 Qa6 12. Bd4 Bxd4 13. cxd4 h4 14. Nc3 hxg3 15. fxg3 Bh3 16. Qb3 e6 17. Bxh3 Rxh3 18. Rxf7 Kxf7 19. Rf1+ Kg7 20. Qxe6 Qxf1+ 21. Kxf1 Rxh2 22. Ne2 g5 23. Qe5+ Kg6 24. Qf5+ Kh6 25. g4 Rxe2 26. Kxe2 Ne7 27. Qf7 Ng6 28. Qxb7 Rd8 29. Qxa7 Rf8 30. Qd7 Rb8 31. b3 Ra8 32. a4 Rb8 33. Qe6 Rb4 34. Kd3 Kg7 35. Kc3 Rb6 36. a5 Ra6 37. b4 Nf4 38. Qd7+ 1-0

[Event "AUT-chT2O 1617"]
[Site "Austria"]
[Date "2017.01.14"]
[Round "6.1"]
[White "Lammer, Stefan"]
[Black "Schwab, Rene"]
[Result "1/2-1/2"]
[WhiteElo "2070"]
[BlackElo "2194"]
[PlyCount "120"]
[EventDate "2016.10.15"]
[EventType "team-tourn"]
[EventRounds "11"]
[EventCountry "AUT"]
[SourceTitle "CBM 177 Extra"]
[Source "ChessBase"]
[SourceDate "2017.04.27"]
[SourceVersion "1"]
[SourceVersionDate "2017.04.27"]
[SourceQuality "1"]
[WhiteTeam "Poechlarn"]
[BlackTeam "Donaustadt"]
[WhiteTeamCountry "AUT"]
[BlackTeamCountry "AUT"]

1. e4 c6 2. d4 d5 3. f3 dxe4 4. fxe4 e5 5. Nf3 Be6 6. d5 cxd5 7. Bb5+ Nc6 8. exd5 Bxd5 9. Be3 a6 10. Be2 Bxf3 11. Qxd8+ Rxd8 12. Bxf3 Nge7 13. Bb6 Rd7 14. Nc3 Nb4 15. Rd1 Nxc2+ 16. Kf2 Nd4 17. Be4 g6 18. Rhe1 Bg7 19. Na4 f5 20. Bd3 Nec6 21. Bc4 Bf8 22. Nc3 Bb4 23. Re3 Bxc3 24. bxc3 Ne6 25. Rde1 Rd2+ 26. Kf1 Kd7 27. R1e2 Rxe2 28. Rxe2 Rc8 29. Bb3 Ke7 30. Bf2 Ncd8 31. Rxe5 Rxc3 32. Bb6 Kd6 33. Re1 Rc6 34. Rd1+ Ke7 35. Bf2 Kf6 36. Rd7 Rc7 37. Rd6 Rc1+ 38. Ke2 Rc6 39. Rd7 Rc7 40. Rd6 Ke7 41. Rd1 Rd7 42. Re1 Kf6 43. Kf1 Rd6 44. Rc1 Nc6 45. Rb1 b5 46. Bg3 f4 47. Be1 Ned4 48. Bc3 Ne5 49. Re1 Ng4 50. Re4 Ne3+ 51. Kf2 Nef5 52. Rxf4 Kg5 53. g3 Nxb3 54. axb3 Rd3 55. h4+ Kh6 56. Rf3 Rd7 57. Bf6 Rd2+ 58. Ke1 Rd6 59. g4 Nd4 60. Rd3 Nf5 1/2-1/2

[Event "AUT-chT2O 1516"]
[Site "Austria"]
[Date "2016.03.06"]
[Round "8.3"]
[White "Jacko, Vladimir1111"]
[Black "Schwab, Rene"]
[Result "1-0"]
[WhiteElo "2339"]
[BlackElo "2214"]
[PlyCount "169"]
[EventDate "2015.10.17"]
[EventType "team-tourn"]
[EventRounds "11"]
[EventCountry "AUT"]
[SourceTitle "EXT 2017"]
[Source "ChessBase"]
[SourceDate "2016.10.25"]
[SourceVersion "1"]
[SourceVersionDate "2016.10.25"]
[SourceQuality "1"]
[WhiteTeam "Pamhagen"]
[BlackTeam "Donaustadt"]
[WhiteTeamCountry "AUT"]
[BlackTeamCountry "AUT"]

1. e4 c6 2. c4 d5 3. cxd5 cxd5 4. exd5 Nf6 5. Nc3 g6 6. Bc4 Bg7 7. Nf3 0-0 8. 0-0 Na6 9. d3 Nc7 10. Qb3 Nce8 11. Re1 Nd6 12. Bf4 b6 13. Ne5 Bd7 14. Nc6 Bxc6 15. dxc6 a6 16. Nd5 Nxd5 17. Bxd5 Rc8 18. Rac1 e6 19. Bf3 Nb5 20. c7 Qd4 21. Be3 Qd6 22. Rc6 Qd7 23. Bxb6 Bd4 24. a4 Bxb6 25. axb5 Qd4 26. Qc2 axb5 27. Re4 Qd7 28. Rxb6 Rxc7 29. Qd2 Rfc8 30. Re1 Rc2 31. Qe3 Rxb2 32. Qe5 Rb4 33. Rb8 Qd8 34. Rxc8 Qxc8 35. h3 Qd8 36. Rc1 Rd4 37. Qxb5 Rxd3 38. Qb7 Qd4 39. Qa8+ Kg7 40. Qa1 Qxa1 41. Rxa1 Rd7 42. Ra8 Rc7 43. g4 h6 44. Kg2 Rd7 45. Kg3 Rc7 46. Rb8 Rc3 47. Rb7 Kf6 48. Kg2 Kg7 49. Bd1 Kf8 50. f3 Rd3 51. Be2 Rd2 52. Kf2 Ra2 53. Ke3 Ra4 54. Bd3 Ra1 55. Rb1 Ra2 56. Kf4 Kg7 57. Rb7 Ra3 58. Bb5 Ra8 59. Bd7 Kf6 60. h4 g5+ 61. Kg3 Rd8 62. h5 Ra8 63. Bc6 Ra2 64. Be8 Kg7 65. Rxf7+ Kh8 66. Rf6 Kg7 67. Rxe6 Rb2 68. Bg6 Rb7 69. Be4 Rb2 70. Rg6+ Kh8 71. Rxh6+ Kg7 72. Rg6+ Kh8 73. Rc6 Rb8 74. f4 Rb4 75. Re6 gxf4+ 76. Kxf4 Rb8 77. g5 Rf8+ 78. Bf5 Ra8 79. g6 Ra1 80. Re8+ Kg7 81. Re7+ Kf8 82. Rb7 Ra6 83. h6 Ra1 84. g7+ Kg8 85. h7# 1-0

[Event "St Veit op 34th"]
[Site "St Veit"]
[Date "2015.07.12"]
[Round "3"]
[White "Halvax, Georg"]
[Black "Schwab, Rene"]
[Result "1/2-1/2"]
[WhiteElo "2355"]
[BlackElo "2187"]
[PlyCount "70"]
[EventDate "2015.07.11"]
[EventType "swiss"]
[EventRounds "9"]
[EventCountry "AUT"]
[SourceTitle "EXT 2016"]
[Source "ChessBase"]
[SourceDate "2015.10.08"]
[SourceVersion "1"]
[SourceVersionDate "2015.10.08"]
[SourceQuality "1"]

1. e4 c6 2. d4 d5 3. e5 Bf5 4. h4 a6 5. g4 Bd7 6. h5 Qc8 7. Be2 c5 8. c3 Nc6 9. Be3 f6 10. exf6 Nxf6 11. g5 cxd4 12. Bxd4 Ne4 13. h6 e5 14. Bxe5 Nxe5 15. Qxd5 Qc5 16. Qxe4 Bc6 17. Qh4 Bxh1 18. Qxh1 0-0-0 19. Nd2 gxh6 20. 0-0-0 hxg5 21. Nh3 Bh6 22. Ne4 Rxd1+ 23. Qxd1 g4+ 24. Kb1 Qc7 25. Bxg4+ Kb8 26. Be6 Re8 27. Qd5 Rd8 28. Qb3 Nd3 29. Bd5 b5 30. a4 Qh2 31. axb5 Qh1+ 32. Kc2 Ne1+ 33. Kb1 Nd3+ 34. Kc2 Ne1+ 35. Kb1 Nd3+ 1/2-1/2

[Event "AUT-chT2O 1415"]
[Site "Austria"]
[Date "2015.01.25"]
[Round "7.1"]
[White "Schwab, Rene"]
[Black "Hechl, Gerald"]
[Result "1/2-1/2"]
[WhiteElo "2217"]
[BlackElo "2180"]
[PlyCount "72"]
[EventDate "2014.10.18"]
[EventType "team-tourn"]
[EventRounds "11"]
[EventCountry "AUT"]
[SourceTitle "EXT 2016"]
[Source "ChessBase"]
[SourceDate "2015.10.08"]
[SourceVersion "1"]
[SourceVersionDate "2015.10.08"]
[SourceQuality "1"]
[WhiteTeam "Donaustadt"]
[BlackTeam "Pressbaum"]
[WhiteTeamCountry "AUT"]
[BlackTeamCountry "AUT"]

1. e4 e5 2. Nf3 Nf6 3. Nxe5 d6 4. Nf3 Nxe4 5. d4 d5 6. Be2 Be7 7. Nbd2 Nc6 8. c3 Nxd2 9. Bxd2 0-0 10. Qc2 Bf6 11. h3 Re8 12. Be3 g6 13. g4 Na5 14. 0-0-0 Nc4 15. Bxc4 dxc4 16. d5 b5 17. Qd2 Bb7 18. h4 Qd6 19. h5 Rad8 20. Bd4 Bxd5 21. hxg6 hxg6 22. Qh6 Bxd4 23. Rxd4 Qf6 24. Qh7+ Kf8 25. Qh8+ Qxh8 26. Rxh8+ Ke7 27. Rxe8+ Kxe8 28. Ne1 c5 29. Rd2 Be6 30. Rxd8+ Kxd8 31. g5 Ke7 32. f4 Bd5 33. Nc2 Ke6 34. Ne3 Be4 35. Kd2 a5 36. a4 Bc6 1/2-1/2

[Event "Vienna Husek op-A"]
[Site "Vienna"]
[Date "2012.08.15"]
[Round "3"]
[White "Koller, Hans Juergen"]
[Black "Schwab, Rene"]
[Result "0-1"]
[WhiteElo "2083"]
[BlackElo "2261"]
[PlyCount "82"]
[EventDate "2012.08.13"]
[EventType "swiss"]
[EventRounds "7"]
[EventCountry "AUT"]
[SourceTitle "CBM 149 Extra"]
[Source "ChessBase"]
[SourceDate "2012.08.24"]
[SourceVersion "1"]
[SourceVersionDate "2012.08.24"]
[SourceQuality "1"]

1. d4 Nf6 2. c4 e6 3. g3 d5 4. Bg2 a6 5. Nf3 dxc4 6. Ne5 Nbd7 7. Nxc4 Be7 8. 0-0 0-0 9. e4 c6 10. a4 b5 11. axb5 cxb5 12. Na5 Qc7 13. Bf4 Qb6 14. Qd2 Bb7 15. d5 Bc5 16. Nxb7 Qxb7 17. b4 Ba7 18. dxe6 fxe6 19. Bd6 Ng4 20. Bxf8 Rxf8 21. h3 Nxf2 22. Kh2 Qb6 23. Nc3 Ne5 24. Ne2 Rf6 25. Rac1 Nc4 26. Rxc4 bxc4 27. Nf4 Nd3 28. Rd1 Nxf4 29. gxf4 Qe3 30. Qxe3 Bxe3 31. f5 c3 32. e5 Rxf5 33. Rd8+ Rf8 34. Rxf8+ Kxf8 35. Be4 Bf4+ 36. Kg2 h6 37. Kf3 Bxe5 38. Ke3 Bd6 39. Kd4 Bxb4 40. Kc4 a5 41. Bc2 Ke7 0-1

[Event "Oberwart op-A 34th"]
[Site "Oberwart"]
[Date "2012.07.10"]
[Round "4"]
[White "Kovacs, Gabor H"]
[Black "Schwab, Rene"]
[Result "1-0"]
[WhiteElo "2467"]
[BlackElo "2244"]
[PlyCount "97"]
[EventDate "2012.07.07"]
[EventType "swiss"]
[EventRounds "9"]
[EventCountry "AUT"]
[SourceTitle "CBM 149 Extra"]
[Source "ChessBase"]
[SourceDate "2012.08.24"]
[SourceVersion "1"]
[SourceVersionDate "2012.08.24"]
[SourceQuality "1"]

1. Nf3 d5 2. d4 c6 3. c4 e6 4. e3 Nf6 5. Nc3 dxc4 6. Bxc4 b5 7. Bd3 a6 8. e4 c5 9. e5 cxd4 10. Nxb5 axb5 11. exf6 Bb4+ 12. Bd2 Bxd2+ 13. Qxd2 Qxf6 14. Bxb5+ Bd7 15. Bxd7+ Nxd7 16. Qxd4 Qxd4 17. Nxd4 0-0 18. 0-0 Ra4 19. Rfd1 Nf6 20. b3 Ra6 21. a4 Nd5 22. Rac1 g6 23. g3 Rb8 24. Rc4 Kf8 25. Rdc1 Kg7 26. Kf1 h5 27. Nb5 Rab6 28. Rc6 Rxb5 29. axb5 Rxb5 30. Rb1 h4 31. gxh4 Nb4 32. Rc4 Kh6 33. Ke2 Kh5 34. Kd2 Rb7 35. Kc3 Nd5+ 36. Kb2 f5 37. Rg1 Rb8 38. Ka3 e5 39. b4 Nf4 40. Rc7 Ra8+ 41. Kb3 Rh8 42. b5 Kxh4 43. b6 Ne6 44. Re7 Nd4+ 45. Kc4 Nc6 46. Rc7 Nd8 47. Rc8 Kh3 48. Kb5 Kxh2 49. Rxg6 1-0

[Event "Oberwart op-A 34th"]
[Site "Oberwart"]
[Date "2012.07.09"]
[Round "3"]
[White "Schwab, Rene"]
[Black "Neff, Gregor"]
[Result "1-0"]
[WhiteElo "2244"]
[BlackElo "2205"]
[PlyCount "119"]
[EventDate "2012.07.07"]
[EventType "swiss"]
[EventRounds "9"]
[EventCountry "AUT"]
[SourceTitle "CBM 149 Extra"]
[Source "ChessBase"]
[SourceDate "2012.08.24"]
[SourceVersion "1"]
[SourceVersionDate "2012.08.24"]
[SourceQuality "1"]

1. e4 c6 2. d4 d5 3. Nd2 dxe4 4. Nxe4 Bf5 5. Nc5 e5 6. Nxb7 Qb6 7. Nc5 exd4 8. Nb3 Bb4+ 9. Bd2 Nf6 10. Bd3 Bxd3 11. cxd3 0-0 12. Ne2 c5 13. 0-0 Bxd2 14. Qxd2 Nbd7 15. Na5 Rab8 16. Nc4 Qc7 17. Ng3 Nb6 18. Rac1 Nxc4 19. Rxc4 Qe5 20. Rfc1 Rfc8 21. b4 Nd5 22. bxc5 Nc3 23. Ne4 Nxe4 24. dxe4 Rd8 25. c6 Rbc8 26. f3 h6 27. Rd1 Qb5 28. Rxd4 Qb6 29. Qf2 Rxd4 30. Qxd4 Rxc6 31. Qxb6 axb6 32. Rd8+ Kh7 33. Rd2 h5 34. Kf2 g6 35. Ke3 Kg7 36. Kd4 Kf6 37. Rb2 Kg5 38. g3 Kf6 39. Kd5 Rc5+ 40. Kd4 Rc6 41. h4 Ke6 42. Rb3 f6 43. f4 Ke7 44. Ra3 Rc5 45. Ra7+ Kf8 46. a4 Rc1 47. Kd5 Rg1 48. Ke6 Rxg3 49. Kxf6 Kg8 50. Rg7+ Kf8 51. Rxg6 Rg4 52. Kf5 Rxh4 53. Rxb6 Rh1 54. Kf6 Ke8 55. e5 h4 56. e6 Kd8 57. e7+ Kd7 58. Re6 h3 59. e8Q+ Kc7 60. Qc6+ 1-0

[Event "Oberwart op"]
[Site "Oberwart"]
[Date "2011.07.10"]
[Round "2"]
[White "Schwab, Rene"]
[Black "Kovacs, Gabor H"]
[Result "0-1"]
[WhiteElo "2196"]
[BlackElo "2496"]
[PlyCount "112"]
[EventDate "2011.07.09"]
[EventType "swiss"]
[EventRounds "9"]
[EventCountry "AUT"]
[SourceTitle "CBM 143 Extra"]
[Source "ChessBase"]
[SourceDate "2011.08.29"]
[SourceVersion "1"]
[SourceVersionDate "2011.08.29"]
[SourceQuality "1"]

1. e4 c5 2. Nf3 e6 3. d4 cxd4 4. Nxd4 Nc6 5. Nxc6 bxc6 6. Bd3 d5 7. 0-0 Nf6 8. Nd2 Be7 9. b3 a5 10. a3 Qb6 11. Bb2 Ba6 12. Qf3 Bxd3 13. cxd3 0-0 14. Qg3 Rfc8 15. Kh1 Rd8 16. e5 Ne8 17. f4 Nc7 18. f5 exf5 19. Rxf5 Ne6 20. Raf1 Rf8 21. Rh5 c5 22. Rf6 Bxf6 23. exf6 g6 24. Rh3 Rfe8 25. Be5 Nf8 26. d4 cxd4 27. Qf4 Rxe5 28. Qxe5 Rc8 29. g4 Qe6 30. Qxe6 Nxe6 31. Rf3 Rc2 32. Nf1 Kf8 33. Kg1 Ke8 34. Rh3 Ng5 35. Rg3 Kd7 36. h4 Ne6 37. Rg2 d3 38. Rd2 Nc5 39. Rd1 Rb2 40. b4 axb4 41. axb4 Rxb4 42. Ne3 Kd6 43. Ra1 Re4 44. Kf2 d4 45. Nc4+ Kd5 46. Nb6+ Kc6 47. Nc4 Rf4+ 48. Kg3 Rxf6 49. Nd2 Re6 50. Nf3 Kd5 51. Kf4 Re4+ 52. Kg5 Ne6+ 53. Kh6 Rxg4 54. Ra5+ Ke4 55. Nd2+ Kf4 56. Ra4 Rxh4# 0-1

[Event "Oberwart op"]
[Site "Oberwart"]
[Date "2010.07.17"]
[Round "8"]
[White "Hitter, Gabriela"]
[Black "Schwab, Rene"]
[Result "0-1"]
[WhiteElo "2085"]
[BlackElo "2207"]
[PlyCount "62"]
[EventDate "2010.07.10"]
[EventType "swiss"]
[EventRounds "9"]
[EventCountry "AUT"]
[SourceTitle "CBM 137 Extra"]
[Source "ChessBase"]
[SourceDate "2010.09.01"]
[SourceVersion "1"]
[SourceVersionDate "2010.09.01"]
[SourceQuality "1"]

1. e4 c6 2. d4 d5 3. Nc3 b5 4. a3 dxe4 5. Nxe4 Nf6 6. Nxf6+ gxf6 7. c3 Be6 8. a4 bxa4 9. Qxa4 Qb6 10. b4 Bg7 11. Be3 Qb7 12. Bd3 Nd7 13. Nf3 0-0 14. Qc2 h5 15. Ra5 Bd5 16. Ba6 Qc7 17. Qf5 Rfb8 18. Bd3 e5 19. dxe5 fxe5 20. Qh7+ Kf8 21. Bh6 Bxh6 22. Qxh6+ Ke7 23. Nh4 Nf6 24. Nf5+ Ke6 25. 0-0 Rg8 26. Ng7+ Rxg7 27. Rxd5 Rag8 28. Qxg7 Rxg7 29. Ra5 Nd5 30. Bc4 f6 31. Rd1 Kf5 0-1